[Event "Edmonton int."]
[Site "Edmonton CAN"]
[Date "2018.06.23"]
[Round "7"]
[White "Rozman, Levy"]
[Black "Sevillano, Enrico"]
[Result "1/2-1/2"]
[WhiteElo "2400"]
[BlackElo "2461"]
[PlyCount "134"]
[EventDate "2018.06.19"]
[EventType "tourn"]
[EventRounds "9"]
[EventCountry "CAN"]

1. d4 Nf6 2. c4 c5 3. d5 e6 4. Nc3 exd5 5. cxd5 d6 6. e4 g6 7. Nge2 Bg7 8. Ng3
h5 9. Be2 a6 10. a4 Nbd7 11. Qc2 Qe7 12. Bg5 Qf8 13. f4 h4 14. Nf1 h3 15. g3
Nh7 16. Bh4 Bd4 17. Nd2 g5 18. fxg5 Ne5 19. Nc4 Nxc4 20. Bxc4 Qg7 21. O-O-O
Nxg5 22. Rhf1 Bd7 23. a5 O-O 24. Ne2 Be5 25. Nf4 Qh6 26. Rde1 b6 27. Qd2 Nh7
28. axb6 Rfb8 29. Nd3 Bg7 30. e5 Rxb6 31. Qxh6 Bxh6+ 32. Kc2 Bf8 33. e6 Be8 34.
Re4 Bg7 35. Rg4 Ra7 36. Bd8 Rb8 37. Ba5 Bb5 38. exf7+ Rxf7 39. Rxf7 Kxf7 40.
Bc7 Re8 41. Bxb5 axb5 42. Rf4+ Kg8 43. Bxd6 Re2+ 44. Kd1 Rxh2 45. Bxc5 Rg2 46.
Rh4 h2 47. Nf2 Ng5 48. Ke2 Be5 49. d6 Bxg3 50. d7 Ne6 51. d8=Q+ Nxd8 52. Kf3
Rxf2+ 53. Kxg3 Rxb2 54. Rxh2 Rxh2 55. Kxh2 Kf7 56. Kg2 Ke6 57. Kf2 Kd5 58. Ba3
Kd4 59. Ke2 Kc3 60. Kd1 Kb3 61. Bd6 Nb7 62. Be7 Na5 63. Kc1 Nc4 64. Kb1 Nd2+
65. Ka1 Ne4 66. Kb1 Kc4 67. Kb2 Nc5 1/2-1/2

[Event "Edmonton-ch"]
[Site "Edmonton CAN"]
[Date "2018.01.04"]
[Round "1.1"]
[White "Briones, Dante"]
[Black "Bertrand, Daryl"]
[Result "1-0"]
[WhiteElo "2009"]
[BlackElo "1986"]
[PlyCount "117"]
[EventDate "2018.01.04"]
[EventType "k.o."]
[EventRounds "4"]
[EventCountry "CAN"]

1. e4 e5 2. Nf3 Nc6 3. d4 exd4 4. Nxd4 Bc5 5. Nb3 Bb6 6. Nc3 Qf6 7. f4 Nge7 8.
Qf3 d6 9. Be2 O-O 10. g4 Qh4+ 11. Qg3 Qxg3+ 12. hxg3 Nb4 13. Bd1 Bxg4 14. Bxg4
Nxc2+ 15. Ke2 Nxa1 16. Nxa1 Nc6 17. Nc2 Rae8 18. Kd3 Nd8 19. Bd7 Re7 20. Bf5 g6
21. Nd5 Re6 22. Bxe6 fxe6 23. Nxb6 axb6 24. Nd4 d5 25. Nf3 c5 26. Ne5 Nc6 27.
Nxc6 bxc6 28. exd5 cxd5 29. Re1 Kf7 30. Bd2 Ra8 31. a3 b5 32. Rc1 c4+ 33. Kd4
Kf6 34. Kc5 Kf5 35. Re1 Rc8+ 36. Kd4 Rc6 37. Bc3 Kg4 38. Re3 Kf5 39. Re5+ Kg4
40. Re3 Kf5 41. Bb4 Rc8 42. Be7 Re8 43. Re5+ Kg4 44. Rxe6 Rc8 45. Re3 c3 46.
bxc3 Rc4+ 47. Kxd5 h5 48. Ke6 Rc6+ 49. Kf7 Ra6 50. Rd3 Ra7 51. Kf6 h4 52. gxh4
Kxf4 53. Bd6+ Kg4 54. Kxg6 Kxh4 55. Kf5 Rf7+ 56. Ke4 Rf1 57. Kd4 Rf5 58. Re3
Rf6 59. Be7 1-0

[Event "Edmonton-ch"]
[Site "Edmonton CAN"]
[Date "2018.01.04"]
[Round "1.1"]
[White "Ivanescu, Cristian"]
[Black "Arruebarrena, Rafael"]
[Result "0-1"]
[WhiteElo "1832"]
[BlackElo "2385"]
[PlyCount "60"]
[EventDate "2018.01.04"]
[EventType "k.o."]
[EventRounds "4"]
[EventCountry "CAN"]

1. d4 Nf6 2. Nf3 g6 3. Bf4 Bg7 4. e3 O-O 5. Nbd2 d6 6. h3 c5 7. c3 Nc6 8. Bd3
e5 9. Bg5 exd4 10. cxd4 cxd4 11. e4 Ne5 12. Nc4 h6 13. Bxf6 Qxf6 14. Nfxe5 dxe5
15. a4 h5 16. Ra3 Be6 17. O-O Qe7 18. f4 exf4 19. Rxf4 Rac8 20. Na5 Qg5 21. Qd2
Bh6 22. Bf1 Qxf4 23. Qxd4 Qc7 24. Qxa7 Ra8 25. Qxb7 Qxa5 26. b4 Qa7+ 27. Qxa7
Rxa7 28. b5 Rfa8 29. b6 Rxa4 30. b7 Rxa3 0-1

[Event "Edmonton-ch"]
[Site "Edmonton CAN"]
[Date "2018.01.04"]
[Round "1.1"]
[White "Ludwig, David"]
[Black "Kalisvaart, Peter"]
[Result "0-1"]
[WhiteElo "1911"]
[BlackElo "2107"]
[PlyCount "108"]
[EventDate "2018.01.04"]
[EventType "k.o."]
[EventRounds "4"]
[EventCountry "CAN"]

1. c4 Nc6 2. d4 d5 3. Bf4 e5 4. dxe5 d4 5. a3 g5 6. Bc1 Bg7 7. e3 dxe3 8. Qxd8+
Nxd8 9. Bxe3 Bxe5 10. Bxg5 Bxb2 11. Ra2 Bf6 12. Bxf6 Nxf6 13. Bd3 Rg8 14. g3 b6
15. Nd2 Bb7 16. Ngf3 Ne6 17. O-O Nc5 18. Re1+ Kf8 19. Bf1 Re8 20. Raa1 Kg7 21.
Nd4 Rxe1 22. Rxe1 Rd8 23. N2f3 Nfe4 24. Re3 Kf6 25. Be2 a6 26. h4 Nd2 27. Nxd2
Rxd4 28. Nb3 Nxb3 29. Rxb3 Rd2 30. Re3 a5 31. g4 h6 32. Kh2 Rd4 33. g5+ hxg5
34. hxg5+ Kxg5 35. Re7 Re4 36. Rxc7 Rxe2 37. Rxb7 Rxf2+ 38. Kg3 Rf6 39. c5 bxc5
40. Rb5 Rc6 41. Rxa5 f5 42. a4 c4 43. Rd5 c3 44. Rd1 f4+ 45. Kf3 c2 46. Rc1
Rc3+ 47. Kf2 Kf5 48. a5 Ke4 49. Ke2 f3+ 50. Kd2 Rc8 51. a6 Rd8+ 52. Ke1 Kd3 53.
a7 Ra8 54. Ra1 Rxa7 0-1

[Event "Edmonton-ch"]
[Site "Edmonton CAN"]
[Date "2018.01.04"]
[Round "1.1"]
[White "Ludwig, Michael"]
[Black "Karmali, Hafiz"]
[Result "1/2-1/2"]
[WhiteElo "2005"]
[BlackElo "2085"]
[PlyCount "102"]
[EventDate "2018.01.04"]
[EventType "k.o."]
[EventRounds "4"]
[EventCountry "CAN"]

1. d4 e6 2. Nf3 f5 3. Bf4 Nf6 4. Nbd2 b6 5. e3 Bb7 6. c3 Be7 7. h3 O-O 8. Bd3
Ne4 9. Qc2 Nxd2 10. Qxd2 d6 11. Bc4 Rf6 12. O-O-O Nd7 13. d5 b5 14. Bb3 Nc5 15.
dxe6 a5 16. Bc2 Nxe6 17. Bb3 Kh8 18. Bxe6 Rxe6 19. Nd4 Rg6 20. f3 Qd7 21. Rhg1
c5 22. Ne2 Qe6 23. Kb1 b4 24. Bh2 Ba6 25. Nf4 Qf7 26. Nxg6+ hxg6 27. Qd5 Qe8
28. e4 bxc3 29. b3 a4 30. Kc2 Bf6 31. e5 dxe5 32. Rge1 e4 33. fxe4 Rd8 34. exf5
Qf8 35. Qe6 Rxd1 36. Rxd1 Bc8 37. Bd6 Bxe6 38. Bxf8 Bxf5+ 39. Rd3 axb3+ 40.
axb3 Bd4 41. Bd6 Kg8 42. Bg3 Kf7 43. Be1 g5 44. Bxc3 Bf2 45. Kd2 Bxd3 46. Kxd3
g6 47. g4 Ke6 48. Ke4 Bg3 49. Bg7 Bd6 50. Bc3 Bf8 51. Bd2 Be7 1/2-1/2

[Event "Edmonton-ch"]
[Site "Edmonton CAN"]
[Date "2018.01.04"]
[Round "1.1"]
[White "Matras-Clement, Agnieszka"]
[Black "Majaducon, Willy"]
[Result "1-0"]
[WhiteElo "2300"]
[BlackElo "1873"]
[PlyCount "47"]
[EventDate "2018.01.04"]
[EventType "k.o."]
[EventRounds "4"]
[EventCountry "CAN"]

1. e4 c6 2. d4 d6 3. Nc3 Qc7 4. Nf3 Bg4 5. h3 Bh5 6. Bf4 Bxf3 7. Qxf3 e5 8. Be3
Nd7 9. Bc4 Ngf6 10. g4 h6 11. O-O-O exd4 12. Bxd4 Ne5 13. Bxe5 dxe5 14. h4 Nh7
15. Nb5 cxb5 16. Bxb5+ Ke7 17. Rd7+ Qxd7 18. Bxd7 Kxd7 19. Qxf7+ Kc6 20. Rd1
Bc5 21. Qe6+ Kb5 22. a4+ Kxa4 23. Qc4+ Bb4 24. Rd5 1-0

[Event "Edmonton-ch"]
[Site "Edmonton CAN"]
[Date "2018.01.04"]
[Round "1.1"]
[White "Olson, Hans"]
[Black "Zeggelaar, Mike"]
[Result "1-0"]
[WhiteElo "2060"]
[BlackElo "1918"]
[PlyCount "81"]
[EventDate "2018.01.04"]
[EventType "k.o."]
[EventRounds "4"]
[EventCountry "CAN"]

1. e4 c5 2. Nc3 g6 3. f4 Bg7 4. Nf3 Nc6 5. Bb5 Nh6 6. Bxc6 dxc6 7. d3 O-O 8.
O-O b6 9. Qe1 Ba6 10. b3 b5 11. Bb2 c4 12. Nd1 Qb6+ 13. Kh1 cxd3 14. Bxg7 Kxg7
15. cxd3 b4 16. Nb2 Rad8 17. Qd2 Ng4 18. h3 Nf6 19. Qc2 Nh5 20. Kh2 Nxf4 21.
Rfd1 Bb5 22. Rd2 Qc7 23. g3 Nh5 24. Rg1 f5 25. e5 h6 26. Qc5 a5 27. Nd4 Qd7 28.
Nf3 Qd5 29. Qxe7+ Rf7 30. Qh4 Qxf3 31. Qxd8 f4 32. g4 Ng3 33. e6 Qe3 34. exf7
Nf1+ 35. Rxf1 Qg3+ 36. Kh1 Qxh3+ 37. Kg1 Qe3+ 38. Rff2 Qg3+ 39. Kf1 Qh3+ 40.
Ke1 Qe3+ 41. Kd1 1-0

[Event "Edmonton-ch"]
[Site "Edmonton CAN"]
[Date "2018.01.04"]
[Round "1.1"]
[White "Seehagen, Terry"]
[Black "Caldera, Anuar"]
[Result "0-1"]
[WhiteElo "1891"]
[BlackElo "2230"]
[PlyCount "62"]
[EventDate "2018.01.04"]
[EventType "k.o."]
[EventRounds "4"]
[EventCountry "CAN"]

1. e4 e5 2. Nc3 Nc6 3. Nf3 Nf6 4. d4 exd4 5. Nd5 Nxd5 6. exd5 Bb4+ 7. Bd2 Qe7+
8. Be2 d3 9. cxd3 Bxd2+ 10. Nxd2 Nd4 11. Rc1 O-O 12. Rc4 Qe5 13. Nb3 Nxe2 14.
Qxe2 Qxd5 15. O-O c6 16. Rc5 Qd6 17. Re5 b6 18. Nd2 Ba6 19. Nc4 Qf6 20. Re1 d5
21. Nd2 Qg6 22. Re3 c5 23. Nf3 d4 24. Ne5 Qe6 25. Rh3 f6 26. Qh5 h6 27. Nf3 Qf7
28. Qh4 Bxd3 29. Rg3 Bg6 30. Qg4 Bh5 31. Qf5 Rae8 0-1

[Event "Edmonton-ch"]
[Site "Edmonton CAN"]
[Date "2018.01.04"]
[Round "1.1"]
[White "Villavieja, Butch"]
[Black "Ivanescu, Mark"]
[Result "1-0"]
[WhiteElo "2130"]
[BlackElo "1903"]
[PlyCount "79"]
[EventDate "2018.01.04"]
[EventType "k.o."]
[EventRounds "4"]
[EventCountry "CAN"]

1. e4 e6 2. d4 d5 3. Nc3 dxe4 4. Nxe4 Bd7 5. Bd3 Bc6 6. Nf3 Nd7 7. Qe2 Ngf6 8.
c3 Be7 9. Neg5 O-O 10. Ne5 h6 11. Nxc6 bxc6 12. Nf3 c5 13. O-O cxd4 14. Nxd4
Bd6 15. Re1 Nb6 16. a4 Kh8 17. a5 Nbd5 18. Nc6 Qd7 19. Bb5 a6 20. Ba4 Bf4 21.
c4 Bxc1 22. Rexc1 Ne7 23. Rd1 Qe8 24. Qf3 Rc8 25. Na7 c6 26. Nxc8 Qxc8 27. Bc2
Qb8 28. b3 Qc7 29. g3 c5 30. Qd3 Rb8 31. Qd6 Qa7 32. Rd2 Nf5 33. Bxf5 exf5 34.
Rad1 Rxb3 35. Qe5 Rf3 36. Rd6 Ng4 37. Qe8+ Kh7 38. Rd7 Nf6 39. Qxf7 Nxd7 40.
Rxd7 1-0

[Event "Edmonton-ch"]
[Site "Edmonton CAN"]
[Date "2018.01.11"]
[Round "1.2"]
[White "Arruebarrena, Rafael"]
[Black "Ivanescu, Cristian"]
[Result "1-0"]
[WhiteElo "2385"]
[BlackElo "1832"]
[PlyCount "69"]
[EventDate "2018.01.04"]
[EventType "k.o."]
[EventRounds "4"]
[EventCountry "CAN"]

1. e4 e6 2. d4 d5 3. Nc3 dxe4 4. Nxe4 Bd7 5. Nf3 Bc6 6. Bd3 Nd7 7. O-O Ngf6 8.
Neg5 Be7 9. Re1 Bxf3 10. Nxf3 h6 11. c4 c6 12. Bf4 Nh5 13. Be3 Nhf6 14. Qd2 a5
15. a3 Bd6 16. Bf4 Bxf4 17. Qxf4 O-O 18. Re3 Nh5 19. Qd6 Ndf6 20. Qxd8 Rfxd8
21. g3 c5 22. Be2 cxd4 23. Rd3 Rac8 24. Rxd4 Rxd4 25. Nxd4 Rd8 26. Rd1 g5 27.
Nb3 Rxd1+ 28. Bxd1 b6 29. c5 a4 30. cxb6 axb3 31. Bxh5 Kf8 32. b7 Nd7 33. a4 f5
34. a5 Nb8 35. Be2 1-0

[Event "Edmonton-ch"]
[Site "Edmonton CAN"]
[Date "2018.01.11"]
[Round "1.2"]
[White "Bertrand, Daryl"]
[Black "Briones, Dante"]
[Result "1-0"]
[WhiteElo "1986"]
[BlackElo "2009"]
[PlyCount "67"]
[EventDate "2018.01.04"]
[EventType "k.o."]
[EventRounds "4"]
[EventCountry "CAN"]

1. e4 c5 2. d4 cxd4 3. c3 dxc3 4. Nxc3 Nc6 5. Nf3 e6 6. Bc4 d6 7. O-O a6 8. Qe2
Nf6 9. Rd1 Bd7 10. Bf4 e5 11. Ng5 Bg4 12. Bxf7+ Ke7 13. f3 exf4 14. fxg4 Ne5
15. Nd5+ Nxd5 16. Bxd5 Kf6 17. Ne6 Qb6+ 18. Kh1 g5 19. Rac1 Rb8 20. Rf1 Kg6 21.
h3 h5 22. gxh5+ Rxh5 23. Rxf4 Rh8 24. Nxg5 Bh6 25. Ne6 Bxf4 26. Nxf4+ Kf6 27.
Bb3 Qd8 28. Nd5+ Kg6 29. Nf4+ Kf6 30. Rc7 Qe8 31. Qf2 Rh6 32. Nh5+ Kg5 33. Qf5+
Kh4 34. g3# 1-0

[Event "Edmonton-ch"]
[Site "Edmonton CAN"]
[Date "2018.01.11"]
[Round "1.2"]
[White "Caldera, Anuar"]
[Black "Seehagen, Terry"]
[Result "1-0"]
[WhiteElo "2230"]
[BlackElo "1891"]
[PlyCount "45"]
[EventDate "2018.01.04"]
[EventType "k.o."]
[EventRounds "4"]
[EventCountry "CAN"]

1. d4 Nf6 2. c4 e5 3. dxe5 Ng4 4. Bf4 Bb4+ 5. Nd2 Nc6 6. Ngf3 f6 7. exf6 Qxf6
8. e3 Qxb2 9. Rb1 Qxa2 10. Bd3 Qa5 11. O-O Nf6 12. Ne4 O-O 13. c5 Nxe4 14. Bxe4
Qxc5 15. Qb3+ Kh8 16. Rfc1 Qh5 17. Bxc6 dxc6 18. Qxb4 Bg4 19. Qxb7 Bf5 20. Rc5
Qe8 21. Ra1 Be4 22. Qxc7 Qg6 23. Rg5 1-0

[Event "Edmonton-ch"]
[Site "Edmonton CAN"]
[Date "2018.01.11"]
[Round "1.2"]
[White "Ivanescu, Mark"]
[Black "Villavieja, Butch"]
[Result "0-1"]
[WhiteElo "1903"]
[BlackElo "2130"]
[PlyCount "74"]
[EventDate "2018.01.04"]
[EventType "k.o."]
[EventRounds "4"]
[EventCountry "CAN"]

1. d4 Nf6 2. Nf3 g6 3. Bf4 Bg7 4. e3 O-O 5. Nbd2 d6 6. h3 Nc6 7. c3 Nd7 8. Be2
e5 9. Bh2 f5 10. d5 Ne7 11. Ng5 Nc5 12. Bc4 h6 13. b4 Nd3+ 14. Bxd3 hxg5 15.
Bc4 Bf6 16. g4 Kg7 17. Rc1 Rh8 18. Qf3 b5 19. Bxb5 a5 20. a3 axb4 21. axb4 Ra3
22. e4 fxg4 23. hxg4 Rh4 24. Bg3 Bxg4 25. Qg2 Rxh1+ 26. Qxh1 Qa8 27. f3 Rxc3
28. Ke2 Bxf3+ 29. Nxf3 Qa2+ 30. Nd2 Rxg3 31. Rxc7 Qa3 32. Qh2 g4 33. Qf2 Bg5
34. Rxe7+ Bxe7 35. Be8 Qd3+ 36. Ke1 Re3+ 37. Kd1 Rf3 0-1

[Event "Edmonton-ch"]
[Site "Edmonton CAN"]
[Date "2018.01.11"]
[Round "1.2"]
[White "Kalisvaart, Peter"]
[Black "Ludwig, David"]
[Result "1/2-1/2"]
[WhiteElo "2107"]
[BlackElo "1911"]
[PlyCount "40"]
[EventDate "2018.01.04"]
[EventType "k.o."]
[EventRounds "4"]
[EventCountry "CAN"]

1. d4 d6 2. c4 f5 3. g3 g6 4. Bg2 Nf6 5. Nc3 Bg7 6. d5 O-O 7. Nh3 a5 8. O-O Na6
9. Be3 Bd7 10. Nf4 Ng4 11. Bd4 Bxd4 12. Qxd4 Nc5 13. h3 Nf6 14. Nd3 Nxd3 15.
exd3 c5 16. Qe3 Rf7 17. Rfe1 Qf8 18. Ne2 Nh5 19. f4 Nf6 20. a3 Qd8 1/2-1/2

[Event "Edmonton-ch"]
[Site "Edmonton CAN"]
[Date "2018.01.11"]
[Round "1.2"]
[White "Karmali, Hafiz"]
[Black "Ludwig, Michael"]
[Result "0-1"]
[WhiteElo "2085"]
[BlackElo "2005"]
[PlyCount "120"]
[EventDate "2018.01.04"]
[EventType "k.o."]
[EventRounds "4"]
[EventCountry "CAN"]

1. d4 d5 2. c4 e6 3. Nc3 Nf6 4. Bg5 Be7 5. e3 O-O 6. Nf3 b6 7. cxd5 Nxd5 8.
Bxe7 Qxe7 9. Rc1 Bb7 10. Bd3 Rc8 11. O-O Nd7 12. Re1 c5 13. e4 Nxc3 14. bxc3
cxd4 15. cxd4 Qa3 16. Qd2 Nf6 17. e5 Nd5 18. Ng5 h6 19. Ne4 Nb4 20. Bb1 Rxc1
21. Qxc1 Qxc1 22. Rxc1 Bxe4 23. Bxe4 Nxa2 24. Rc7 Rd8 25. Rxa7 Nb4 26. Ra8 Rxa8
27. Bxa8 Nc2 28. d5 Nb4 29. dxe6 fxe6 30. Be4 Na6 31. f4 Nc5 32. Bb1 Nd7 33.
Kf2 Kf7 34. Ke3 Nb8 35. Kd4 Na6 36. Kc4 Nc7 37. Be4 Ke7 38. g4 Kf7 39. Bc6 Ke7
40. Kd4 Kf7 41. f5 Ke7 42. Kc4 Na6 43. Bb7 Nc5 44. Bc8 Kd8 45. Bxe6 Nxe6 46.
Kb5 Nd4+ 47. Kxb6 Nf3 48. h3 Nxe5 49. Kc5 Ke7 50. Kd5 Kf6 51. Ke4 Nf7 52. Kf4
h5 53. gxh5 Nh6 54. h4 Nxf5 55. Kg4 Nh6+ 56. Kf4 Kf7 57. Kg5 Kg8 58. Kf4 Kh7
59. Kg5 Ng8 60. Kf5 Kh6 0-1

[Event "Edmonton-ch"]
[Site "Edmonton CAN"]
[Date "2018.01.11"]
[Round "1.2"]
[White "Majaducon, Willy"]
[Black "Matras-Clement, Agnieszka"]
[Result "0-1"]
[WhiteElo "1873"]
[BlackElo "2300"]
[PlyCount "70"]
[EventDate "2018.01.04"]
[EventType "k.o."]
[EventRounds "4"]
[EventCountry "CAN"]

1. c4 c6 2. d4 d5 3. e3 Nf6 4. Nf3 Bf5 5. Nc3 e6 6. a3 Nbd7 7. Be2 Be7 8. b3
O-O 9. Bb2 Ne4 10. O-O a5 11. Nxe4 Bxe4 12. Nd2 Bg6 13. Re1 Nf6 14. f3 c5 15.
Bf1 Qb6 16. Bc3 Rfd8 17. Kh1 cxd4 18. exd4 dxc4 19. bxc4 a4 20. Ne4 Qc7 21. Qd2
Rd7 22. Bd3 Ne8 23. Qe3 Rad8 24. Red1 Nf6 25. g3 Nxe4 26. fxe4 Bh5 27. Rf1 Bc5
28. e5 Bxd4 29. Bxd4 Rxd4 30. Be4 Bg6 31. Bg2 Rxc4 32. Rfd1 Rxd1+ 33. Rxd1 h6
34. h3 Rc3 35. Qf4 Rxa3 0-1

[Event "Edmonton-ch"]
[Site "Edmonton CAN"]
[Date "2018.01.11"]
[Round "1.2"]
[White "Zeggelaar, Mike"]
[Black "Olson, Hans"]
[Result "1/2-1/2"]
[WhiteElo "1918"]
[BlackElo "2050"]
[PlyCount "61"]
[EventDate "2018.01.04"]
[EventType "k.o."]
[EventRounds "4"]
[EventCountry "CAN"]

1. e4 e5 2. d4 exd4 3. c3 dxc3 4. Bc4 cxb2 5. Bxb2 d5 6. Bxd5 Nf6 7. Bxf7+ Kxf7
8. Qxd8 Bb4+ 9. Qd2 Bxd2+ 10. Nxd2 c5 11. Ngf3 Re8 12. O-O Nc6 13. Rfe1 Nb4 14.
e5 Nfd5 15. Ne4 Kf8 16. Rad1 c4 17. Ba3 Re7 18. Nd6 c3 19. Nd4 Kg8 20. Bxb4
Nxb4 21. Re2 Bg4 22. f3 Bd7 23. a3 Ba4 24. Rc1 Nd5 25. N4b5 Bxb5 26. Nxb5 a6
27. Nxc3 Rc8 28. Na2 Rce8 29. Rce1 Nf4 30. Re4 Nd3 31. R1e3 1/2-1/2

[Event "Edmonton-ch"]
[Site "Edmonton CAN"]
[Date "2018.01.18"]
[Round "2.1"]
[White "Arruebarrena, Rafael"]
[Black "Briones, Dante"]
[Result "1-0"]
[WhiteElo "2385"]
[BlackElo "2009"]
[PlyCount "57"]
[EventDate "2018.01.04"]
[EventType "k.o."]
[EventRounds "4"]
[EventCountry "CAN"]

1. e4 e6 2. d4 d5 3. Nc3 Bb4 4. e5 c5 5. a3 Bxc3+ 6. bxc3 Qa5 7. Bd2 Ne7 8. Qg4
O-O 9. Bd3 c4 10. Bxh7+ Kxh7 11. Qh4+ Kg8 12. Qxe7 Nc6 13. Qh4 Qa4 14. Ra2 Qb5
15. Ra1 Qb2 16. Rc1 Qxa3 17. Nf3 f6 18. O-O a5 19. Ra1 Qb2 20. Rfc1 a4 21. exf6
Rxf6 22. Qh5 Qb6 23. Ng5 Qd8 24. Qh7+ Kf8 25. Qh8+ Ke7 26. Qxg7+ Kd6 27. Nf7+
Rxf7 28. Qxf7 Na5 29. Rxa4 1-0

[Event "Edmonton-ch"]
[Site "Edmonton CAN"]
[Date "2018.01.18"]
[Round "2.1"]
[White "Caldera, Anuar"]
[Black "Olson, Hans"]
[Result "1-0"]
[WhiteElo "2230"]
[BlackElo "2050"]
[PlyCount "49"]
[EventDate "2018.01.04"]
[EventType "k.o."]
[EventRounds "4"]
[EventCountry "CAN"]

1. d4 Nf6 2. c4 c5 3. d5 e6 4. Nc3 exd5 5. cxd5 d6 6. e4 g6 7. Bd3 Bg7 8. h3
O-O 9. Bg5 Re8 10. Nf3 Na6 11. O-O Nc7 12. Re1 a6 13. a4 b6 14. e5 dxe5 15.
Nxe5 Bb7 16. Qb3 Qd6 17. Nc4 Rxe1+ 18. Rxe1 Bxd5 19. Qxb6 Qc6 20. Bxf6 Bxf6 21.
Nxd5 Qxd5 22. Be4 Qxc4 23. Bxa8 Nxa8 24. Qxf6 Nc7 25. Qd8+ 1-0

[Event "Edmonton-ch"]
[Site "Edmonton CAN"]
[Date "2018.01.18"]
[Round "2.1"]
[White "Kalisvaart, Peter"]
[Black "Villavieja, Butch"]
[Result "1-0"]
[WhiteElo "2107"]
[BlackElo "2130"]
[PlyCount "61"]
[EventDate "2018.01.04"]
[EventType "k.o."]
[EventRounds "4"]
[EventCountry "CAN"]

1. d4 Nf6 2. Bg5 Ne4 3. h4 d5 4. Nd2 Bf5 5. e3 c6 6. Bd3 Qa5 7. Ngf3 Nd7 8. Kf1
e6 9. Bf4 Ndf6 10. Nb3 Qd8 11. Ne5 Bd6 12. f3 Bxe5 13. dxe5 Nh5 14. fxe4 Bg6
15. g4 Nxf4 16. exf4 h6 17. f5 Bh7 18. Qf3 dxe4 19. Bxe4 exf5 20. Bxf5 Bxf5 21.
gxf5 Qb6 22. Rd1 O-O 23. Rg1 Rad8 24. f6 Qb5+ 25. Rd3 g6 26. e6 Rd5 27. e7 Re8
28. Rxg6+ Kh7 29. Rg7+ Kh8 30. Qe4 Rf5+ 31. Kg2 1-0

[Event "Edmonton-ch"]
[Site "Edmonton CAN"]
[Date "2018.01.18"]
[Round "2.1"]
[White "Ludwig, Michael"]
[Black "Matras-Clement, Agnieszka"]
[Result "0-1"]
[WhiteElo "2005"]
[BlackElo "2300"]
[PlyCount "66"]
[EventDate "2018.01.04"]
[EventType "k.o."]
[EventRounds "4"]
[EventCountry "CAN"]

1. c4 c6 2. Nf3 d5 3. e3 Nf6 4. Nc3 e6 5. b3 Nbd7 6. d4 Bd6 7. Bb2 O-O 8. Be2
b6 9. Qc2 Bb7 10. O-O Rc8 11. Rac1 Qe7 12. Qb1 dxc4 13. Bxc4 c5 14. e4 cxd4 15.
Nxd4 Rfd8 16. Nf3 Ne5 17. Nxe5 Bxe5 18. f3 Qc7 19. Ne2 Bxh2+ 20. Kh1 Bf4 21.
Bxe6 Bxc1 22. Rxc1 Qe7 23. Bxc8 Bxc8 24. Bxf6 Qxf6 25. Qc2 Ba6 26. Ng1 h6 27.
Qf2 Qf4 28. Rc2 Rd1 29. g3 Qg5 30. Kh2 Qh5+ 31. Nh3 Bf1 32. Rc8+ Kh7 33. Qc2
Qxh3+ 0-1

[Event "Edmonton-ch"]
[Site "Edmonton CAN"]
[Date "2018.01.25"]
[Round "2.2"]
[White "Briones, Dante"]
[Black "Arruebarrena, Rafael"]
[Result "1/2-1/2"]
[WhiteElo "2009"]
[BlackElo "2385"]
[PlyCount "128"]
[EventDate "2018.01.04"]
[EventType "k.o."]
[EventRounds "4"]
[EventCountry "CAN"]

1. e4 c5 2. Nf3 e6 3. d4 cxd4 4. Nxd4 Nc6 5. Nc3 Qc7 6. f4 a6 7. a3 b5 8. Be3
Bb7 9. Nb3 d6 10. Qf3 Nf6 11. Bd3 Be7 12. O-O O-O 13. g4 Rfe8 14. g5 Nd7 15.
Qg3 b4 16. axb4 Nxb4 17. f5 exf5 18. Rxf5 g6 19. Rf3 Ne5 20. Rf4 Nbxd3 21. cxd3
Nxd3 22. Rh4 Bf8 23. Qh3 Qc8 24. Bd4 Qxh3 25. Rxh3 Nxb2 26. Nd2 Bc8 27. Nd5 Bg7
28. Bxg7 Kxg7 29. Rb3 Be6 30. Rxb2 Bxd5 31. exd5 Re5 32. Nf3 Rxd5 33. Rb7 Rf5
34. Kg2 Rc8 35. Rb6 Rc2+ 36. Kg3 Rc3 37. Rf1 Rxg5+ 38. Kf2 Rf5 39. Ke2 a5 40.
Rxd6 a4 41. Ra6 a3 42. Nd2 Rxf1 43. Kxf1 f5 44. Ke2 g5 45. Nf3 h6 46. Nd4 Rh3
47. Nxf5+ Kh7 48. Kf2 Rxh2+ 49. Kg3 Rh1 50. Kg2 Rb1 51. Rxh6+ Kg8 52. Ra6 Rb2+
53. Kg3 a2 54. Kg4 Rg2+ 55. Kh5 Kf7 56. Nh6+ Ke7 57. Ng4 Kd7 58. Kxg5 Kc7 59.
Kf4 Kb7 60. Ra3 Kb6 61. Ne3 Re2 62. Kf3 Rh2 63. Kg3 Re2 64. Kf3 Rh2 1/2-1/2

[Event "Edmonton-ch"]
[Site "Edmonton CAN"]
[Date "2018.01.25"]
[Round "2.2"]
[White "Matras-Clement, Agnieszka"]
[Black "Ludwig, Michael"]
[Result "1-0"]
[WhiteElo "2300"]
[BlackElo "2005"]
[PlyCount "57"]
[EventDate "2018.01.04"]
[EventType "k.o."]
[EventRounds "4"]
[EventCountry "CAN"]

1. e4 e5 2. Bc4 Nf6 3. Nf3 Nxe4 4. Nc3 Nxc3 5. dxc3 f6 6. Nh4 g6 7. f4 Qe7 8.
f5 Qg7 9. Be3 d6 10. O-O Nc6 11. Qd3 g5 12. Nf3 Bd7 13. b4 h6 14. Rad1 Qe7 15.
Nd2 h5 16. Ne4 Bh6 17. a4 g4 18. Bf2 Bf4 19. Bh4 Bxf5 20. Nxd6+ cxd6 21. Qxf5
Rh6 22. b5 d5 23. Bxd5 g3 24. bxc6 gxh2+ 25. Kh1 Kf8 26. c7 Qxc7 27. Bxf6 Qc8
28. Qxc8+ Rxc8 29. Bxe5 1-0

[Event "Edmonton-ch"]
[Site "Edmonton CAN"]
[Date "2018.01.25"]
[Round "2.2"]
[White "Olson, Hans"]
[Black "Caldera, Anuar"]
[Result "0-1"]
[WhiteElo "2050"]
[BlackElo "2230"]
[PlyCount "129"]
[EventDate "2018.01.04"]
[EventType "k.o."]
[EventRounds "4"]
[EventCountry "CAN"]

1. e4 e5 2. Nc3 Nf6 3. Bc4 Nc6 4. d3 Na5 5. Bb3 Nxb3 6. axb3 d5 7. exd5 Bb4 8.
h3 Qxd5 9. Qf3 e4 10. dxe4 Nxe4 11. Nge2 Nxc3 12. bxc3 Qxf3 13. gxf3 Bd6 14.
Be3 a5 15. Rg1 g6 16. h4 h5 17. Ng3 f5 18. Ne2 Kf7 19. Nf4 Bd7 20. Nd3 b6 21.
f4 Rhe8 22. O-O-O a4 23. Kb2 Bc6 24. Rge1 axb3 25. cxb3 Ba3+ 26. Kc2 Be4 27.
Kd2 Bd6 28. Ke2 Bxd3+ 29. Kxd3 Be7 30. Rh1 b5 31. Rd2 Red8+ 32. Ke2 Ra3 33. Rb2
Bf6 34. Bc5 Ra6 35. Rc2 Re6+ 36. Be3 Rc6 37. Bd2 Re8+ 38. Kf3 Ra8 39. Kg3 Rd8
40. f3 Rcd6 41. Rh2 Rd3 42. Re2 Re8 43. Rxe8 Kxe8 44. Be1 Kd7 45. Kg2 Be7 46.
Kg3 Bd6 47. Rd2 Rxd2 48. Bxd2 Kc6 49. Kg2 Kd5 50. Kf1 b4 51. cxb4 Kd4 52. Ke2
c6 53. Be1 Bxf4 54. Bf2+ Kc3 55. Be1+ Kc2 56. b5 cxb5 57. b4 Bc1 58. Bf2 Kc3
59. Bc5 Kc4 60. Be7 Ba3 61. Ke3 Bxb4 62. Bf6 Bd6 63. Kd2 b4 64. Kc2 Bc5 65. Kd2
0-1

[Event "Edmonton-ch"]
[Site "Edmonton CAN"]
[Date "2018.01.25"]
[Round "2.2"]
[White "Villavieja, Butch"]
[Black "Kalisvaart, Peter"]
[Result "0-1"]
[WhiteElo "2130"]
[BlackElo "2107"]
[PlyCount "50"]
[EventDate "2018.01.04"]
[EventType "k.o."]
[EventRounds "4"]
[EventCountry "CAN"]

1. d4 d5 2. c4 Nc6 3. e3 e5 4. cxd5 Qxd5 5. Nc3 Bb4 6. Bd2 Bxc3 7. bxc3 Nf6 8.
c4 Qd6 9. d5 Ne7 10. Qb3 a5 11. Bd3 O-O 12. Qc2 e4 13. Bf1 c6 14. dxc6 Nxc6 15.
Bc3 Nb4 16. Qb3 Rd8 17. a3 Nd3+ 18. Bxd3 exd3 19. Nf3 Ne4 20. O-O Bg4 21. Nd4
Qg6 22. Kh1 Be2 23. f3 Bxf1 24. Rxf1 Nc5 25. Bd2 Nxb3 0-1